000
00226 a2200097 4500
001
51343
100
_a
Hungerford T W
245
_a
Pre-calculus Mathematics
260
_a
New York
_b
Saunders College
_c
090
_c
32534
_d
32534
942
_a
NUST-CAE
_c
M
_c
25041
999
_c
286416
_d
286416